| 000 | | | 03994nmc2a22002773x 450 |
| 001 | | | 13e1d28d-e4b9-4e23-a51b-83fcc3ac24f6 |
| 005 | | | 20190122211506.0 |
| 100 | ## | $a | 20181229l 1922k y0rusy50 ca |
| 101 | 0# | $a | rus |
| | $a | fre |
| 102 | ## | $a | RU |
| 105 | ## | $a | a z ||||| |
| 200 | 1# | $a | Списки эмигрантов с указанием их местонахождения |
| | $j | 1921 - 1922 |
| 215 | ## | $a | 20 листов |
| | $c | схем. |
| 251 | ## | $c | Дело |
| 300 | ## | $a | Заголовок дела на папке: Списки русских эмигрантов с указанием их местонахождения |
| 300 | ## | $a | Часть текста на французском языке |
| 300 | ## | $a | Листы: 6 - отсутствует; 4 - схема |
| 300 | ## | $a | Рукописный текст |
| 330 | ## | $a | Входит в раздел описи: 2. Списки и сведения о эмигрантах. а) Общие сведения о количественном составе эмигрантов и списки |
| 461 | #0 | $1 | 0017ce6f8a6-4f5c-4a96-8d1c-7ffa3c52884f |
| | $1 | 2001 |
| | $a | Главное справочное бюро. Константинополь |
| | $1 | 251 |
| | $c | Фонд |
| | $1 | 852 |
| | $j | 5982 |
| | $g | Р |
| 462 | #0 | $1 | 00177256cd1-b105-48cf-b424-8262b6cdd066 |
| | $1 | 2001 |
| | $a | Дела постоянного хранения. 1920-1922 гг. |
| | $v | Д. 33 |
| | $1 | 251 |
| | $c | Опись |
| | $1 | 852 |
| | $j | 1 |
| 517 | 1# | $a | Списки русских эмигрантов с указанием их местонахождения |
| 601 | 02 | $a | Главное справочное бюро (Константинополь) |
| 801 | #0 | $a | RU |
| | $b | GA_RF |
| 801 | #1 | $a | RU |
| | $b | ГлавНИВЦ |
| | $c | 20181229 |
| | $2 | rusmarc |
| 801 | #2 | $a | RU |
| | $b | ПБ им. Б.Н. Ельцина |
| | $c | 20190122 |
| | $g | RCR |
| | $2 | rusmarc |
| 852 | ## | $a | ГА РФ |
| | $j | 33 |
| 937 | ## | $d | 123641160 |
| | $h | ПБ |
| 035 | ## | $a | RuPRLIB51054159 |
| 856 | ## | $u | http://readingroom.main.prlib.ru/item.aspx?id_node=n123641160&mode=full |